Modelling and Controlling of the Laboratory Distallation Column
Salvato in:
| Autore principale: | |
|---|---|
| Altri autori: | |
| Natura: | Manoscritto Libro |
| Lingua: | slovacco inglese |
| Soggetti: | |
| Accesso online: | http://is.stuba.sk/zp/portal_zp.pl?podrobnosti=103277 |
| Tags: |
Nessun Tag, puoi essere il primo ad aggiungerne!!
|
MARC
| LEADER | 00000ntm a22000003a 4500 | ||
|---|---|---|---|
| 001 | stuzp46916 | ||
| 003 | SK-STU | ||
| 005 | 20160229160114.5 | ||
| 007 | ta | ||
| 008 | 150427s2015----xo-----f-mn---000-0-slo-d | ||
| 040 | |a STU |b slo | ||
| 041 | 0 | |a eng | |
| 100 | 1 | |a Štefánik, Matej |u 047000 |4 aut |U FCHPT Fakulta chemickej a potravinárskej technológie |T FCHPT Ústav informatizácie, automatizácie a matematiky |X 58728 |U C7000 |Y 105 |7 58728 | |
| 242 | 0 | 1 | |a Modelovanie a riadenie laboratórnej rektifikačnej kolóny |y slo |
| 245 | 1 | 0 | |a Modelling and Controlling of the Laboratory Distallation Column |
| 650 | 4 | |a PI regulátor |2 slo | |
| 650 | 4 | |a identifikácia |2 slo | |
| 650 | 4 | |a prediktívne riadenie |2 slo | |
| 650 | 4 | |a rektifikačná kolóna |2 slo | |
| 650 | 4 | |a modelovanie |2 slo | |
| 650 | 4 | |a riadenie |2 slo | |
| 650 | 4 | |a controlling |2 eng | |
| 650 | 4 | |a model predictive control |2 eng | |
| 650 | 4 | |a PI controller |2 eng | |
| 650 | 4 | |a modelling |2 eng | |
| 650 | 4 | |a identification |2 eng | |
| 650 | 4 | |a distillation column |2 eng | |
| 700 | 1 | |a Fikar, Miroslav, |d 1966- |4 ths |X 3374 |7 A000003374 | |
| 856 | 4 | |u http://is.stuba.sk/zp/portal_zp.pl?podrobnosti=103277 | |
| SQL | |a stuzp46916 |b DDP |c ENG |d Modelling and Controlling of the Laboratory Distallation Column |e 58728 |f Štefánik, Matej |g 047000 |h 3374 |i Fikar, Miroslav |j 20140609 |k 113 |l 04 |m http://is.stuba.sk/zp/portal_zp.pl?podrobnosti=103277 | ||